Library of the University of Algiers 3
Ibrahim Sultan Cheibout
شعار جامعة الجزائر 3
مكتبة جامعة الجزائر 3
إبراهيم سلطان شيبوط

الإدارة العامة / (رقم التسجيلة. 45203)

تفاصيل مارك
000 -LEADER
fixed length control field 01174nam a2200205Ia 4500
003 - CONTROL NUMBER IDENTIFIER
control field Ost
005 - DATE AND TIME OF LATEST TRANSACTION
control field 20260507075631.0
008 - FIXED-LENGTH DATA ELEMENTS--GENERAL INFORMATION
fixed length control field 260507s9999||||xx |||||||||||||| ||und||
040 ## - CATALOGING SOURCE
Transcribing agency fsecg
041 ## - LANGUAGE CODE
Language code of text/sound track or separate title ara
082 ## - DEWEY DECIMAL CLASSIFICATION NUMBER
Classification number 350
100 ## - MAIN ENTRY--PERSONAL NAME
Personal name المجدوب، طارق
Relator term مؤلف
245 #0 - TITLE STATEMENT
Title الإدارة العامة /
Statement of responsibility, etc. طارق المجدوب
260 ## - PUBLICATION, DISTRIBUTION, ETC.
Place of publication, distribution, etc. الإسكندرية:
Name of publisher, distributor, etc. الدار الجامعية,
Date of publication, distribution, etc. 2001
300 ## - PHYSICAL DESCRIPTION
Extent 832 صفحة؛
520 ## - SUMMARY, ETC.
Summary, etc. يتناول هذا الكتاب الإدارة العامة و العملية الإدارية و الوظيفة العامة و الإصلاح الإداري، فماهية الإدارة العامة تتكون الدولـــــة من مجموعة أفراد تابعين لسلطة سياسية عليا و خاضعين لقوانين عامة مشتركة. ترمي الإدارة العامة، من جهة، إلى وصف و شرح بنية و مهام الأجهزة التي يوكل إليها مهمة تحقيق الأهداف ذات المصلحة الجماعية المحددة من قبل.
653 ## - INDEX TERM--UNCONTROLLED
Uncontrolled term الإدارة
653 ## - INDEX TERM--UNCONTROLLED
Uncontrolled term الادارة العامة
942 ## - ADDED ENTRY ELEMENTS (KOHA)
Koha item type كتب
المقتنيات
Withdrawn status Lost status Source of classification or shelving scheme Damaged status Not for loan Home library Current library Date acquired Serial enumeration / chronology Inventory number Total checkouts Full call number Barcode Date last seen Price effective from Koha item type
    Dewey Decimal Classification   NOT LOAN / إعارة داخلية مكتبة كلية العلوم الإقتصادية والعلوم التجارية وعلوم التسيير مكتبة كلية العلوم الإقتصادية والعلوم التجارية وعلوم التسيير 07/05/2026 الطابق الأرضي 798/1   أ/798ن1 798/1 07/05/2026 07/05/2026 كتب

موارد الويب المفتوحة


© University of Algiers 3 All Rights Reserved
|
Implemented by LECHELAH Riad